000 00431nam a2200169Ia 4500
008 230524s9999 xx 000 0 und d
020 _a9788174465863
082 _a381.142
_bBHA
100 _aSudhindra Bhat
245 0 _aFinancial Management Principles And Practice
250 _aIST
260 _aNEW DELHI
_bExcel Books
_c2008
300 _aXIII;597
500 _aQuantity Number: 5
650 _aManagement
942 _cBK
999 _c42083
_d42083